La lógica (Record no. 153227)

MARC details
000 -LEADER
campo de control de longitud fija 01195nam a22002535i 4500
001 - NÚMERO DE CONTROL
campo de control 153227
003 - IDENTIFICADOR DE NÚMERO DE CONTROL
campo de control ES-MaACL
005 - FECHA Y HORA DE LA ÚLTIMA TRANSACCIÓN
campo de control 20251015063136.0
008 - DATOS DE LONGITUD FIJA--INFORMACIÓN GENERAL
campo de control de longitud fija 941129s1784 sp |||| | spa d
040 ## - FUENTE DE CATALOGACIÓN
Centro catalogador/agencia de origen AN
Lengua de catalogación spa
100 1# - ENTRADA PRINCIPAL--NOMBRE DE PERSONA
Nombre de persona Condillac, Étienne Bonnot de,
Fechas asociadas al nombre 1714-1780
9 (RLIN) 40142
245 13 - MENCIÓN DEL TÍTULO
Título La lógica
Resto del título : los primeros elementos del arte de pensar ... /
Mención de responsabilidad, etc. escrita en frances por el abad de Condillac ; y traducida por D. Bernardo Maria de Calzada...
260 ## - PUBLICACIÓN, DISTRIBUCIÓN, ETC.
Lugar de publicación, distribución, etc. Madrid :
Nombre del editor, distribuidor, etc. por D. Joachîn Ibarra ...,
Fecha de publicación, distribución, etc. 1784.
300 ## - DESCRIPCIÓN FÍSICA
Extensión [2], VI, 216 p. ;
Dimensiones 8º.
530 ## - NOTA DISPONIBLE DE FORMULARIO FÍSICO ADICIONAL
Nota de formato físico adicional disponible Disponible en formato digital.
595 ## -
-- Existe otra ed. con el mismo pie de imp.
596 ## - NOTA AL PIE DE IMPRENTA
NOTA AL PIE DE IMPRENTA Marca tip. en port.
650 #4 - PUNTO DE ACCESO ADICIONAL DE MATERIA--TÉRMINO DE MATERIA
Término de materia o nombre geográfico como elemento de entrada Lógica.
9 (RLIN) 14693
700 1# - ENTRADA AGREGADA--NOMBRE PERSONAL
Nombre de persona Calzada, Bernardo María de,
Fechas asociadas al nombre 1751-1825
9 (RLIN) 33934
852 ## - LOCALIZACIÓN
Ubicación ES-MaACL
Número de control de estantería R-1504
Nota libre -- Enc. pasta española
Encuadernación -- Edic.: corregir en tít.: "La lógica ó los primeros elementos del arte de pensar ..." -- Existe otra ed. con el mismo pie de imp. pero diferente paginación
-- Olim: G-13378
856 ## - LOCALIZACIÓN Y ACCESO ELECTRÓNICOS
Identificador Uniforme de Recursos <a href="http://bdh-rd.bne.es/viewer.vm?id=0000095406&page=1 ">http://bdh-rd.bne.es/viewer.vm?id=0000095406&page=1 </a>
Nota pública Biblioteca Digital Hispánica
Holdings
Estatus retirado Estado de pérdida Estado de daño No para préstamo Colección Biblioteca de origen Biblioteca actual Ubicación en estantería Fecha de adquisición Fuente de adquisición Total de préstamos Signatura topográfica completa Código de barras Visto por última vez Precio de reemplazo Tipo de ítem Koha
        Colección digital Biblioteca del Ateneo de Madrid Biblioteca del Ateneo de Madrid Depósito 17/01/2008     R-1504 1160113 23/02/2023 23/02/2023 Libro impreso antiguo